[Event "EU Union-ch U12"]
[Site "Kouty nad Desnou"]
[Date "2020.08.18"]
[Round "5"]
[White "Megyeri, Martin"]
[Black "Buchta, Bartolomej"]
[Result "0-1"]
[WhiteElo "1694"]
[BlackElo "1601"]
[PlyCount "70"]
[EventDate "2020.08.14"]
[EventType "swiss"]
[EventRounds "9"]
[EventCountry "CZE"]
[SourceTitle "EXT 2021"]
[Source "ChessBase"]
[SourceDate "2020.10.23"]
[SourceVersion "1"]
[SourceVersionDate "2020.10.23"]
[SourceQuality "1"]

1. Nf3 c5 2. b3 Nf6 3. Bb2 g6 4. e3 Bg7 5. Be2 0-0 6. 0-0 d6 7. d4 cxd4 8. exd4 b6 9. Nbd2 Bb7 10. c4 Nbd7 11. Rc1 Ne4 12. Nxe4 Bxe4 13. Re1 e5 14. dxe5 Nxe5 15. Nxe5 dxe5 16. Ba3 Re8 17. Qxd8 Rexd8 18. Red1 Bh6 19. Ra1 Bc2 20. Rxd8+ Rxd8 21. Bc1 Bxc1 22. Rxc1 Rd2 23. Kf1 Be4 24. f3 Bc6 25. a3 e4 26. Kf2 f5 27. Ke3 Rb2 28. Rc3 f4+ 29. Kf2 e3+ 30. Ke1 Bd7 31. g3 g5 32. gxf4 gxf4 33. Rd3 Bc6 34. Kd1 Rb1+ 35. Kc2 Re1 0-1

[Event "EU Union-ch U12"]
[Site "Kouty nad Desnou"]
[Date "2020.08.17"]
[Round "4"]
[White "Reznickova, Sibyla"]
[Black "Megyeri, Martin"]
[Result "1/2-1/2"]
[WhiteElo "1202"]
[BlackElo "1694"]
[PlyCount "61"]
[EventDate "2020.08.14"]
[EventType "swiss"]
[EventRounds "9"]
[EventCountry "CZE"]
[SourceTitle "EXT 2021"]
[Source "ChessBase"]
[SourceDate "2020.10.23"]
[SourceVersion "1"]
[SourceVersionDate "2020.10.23"]
[SourceQuality "1"]

1. d4 Nf6 2. Nc3 e6 3. e4 d5 4. e5 Nfd7 5. Nf3 c5 6. Bf4 a6 7. Be2 Nc6 8. 0-0 cxd4 9. Nxd4 Ncxe5 10. Re1 Ng6 11. Bg3 Be7 12. Bh5 0-0 13. Bxg6 hxg6 14. Re3 Bc5 15. Nce2 Nf6 16. Bh4 Be7 17. Nf4 Qc7 18. Nh3 Rd8 19. Qf3 Qb6 20. c3 Bd7 21. Rae1 Qxb2 22. Ng5 Rac8 23. h3 Qxa2 24. Qg3 a5 25. Ngxe6 Bxe6 26. Nxe6 Bd6 27. Qg5 fxe6 28. Qxg6 Rf8 29. Rxe6 Qd2 30. Kf1 Qh6 31. Qxh6 1/2-1/2

[Event "HUN--chT U12"]
[Site "Budapest"]
[Date "2019.10.28"]
[Round "4.1"]
[White "Thierry, Edvard"]
[Black "Megyeri, Martin"]
[Result "0-1"]
[WhiteElo "1507"]
[BlackElo "1611"]
[PlyCount "66"]
[EventDate "2019.10.26"]
[EventType "team-swiss"]
[EventRounds "7"]
[EventCountry "HUN"]
[SourceTitle "CBM 192 Extra"]
[Source "Chessbase"]
[SourceDate "2019.11.06"]
[SourceVersion "1"]
[SourceVersionDate "2019.11.06"]
[SourceQuality "1"]
[WhiteTeam "Csepel"]
[BlackTeam "Kobanya Aquarena II"]
[WhiteTeamCountry "HUN"]
[BlackTeamCountry "HUN"]

1. e4 c5 2. Nf3 Nc6 3. d4 cxd4 4. Nxd4 Nf6 5. Nc3 e5 6. Ndb5 d6 7. Bg5 a6 8. Na3 b5 9. Nd5 Be7 10. Nxe7 Qxe7 11. f3 0-0 12. c3 Rd8 13. Bd3 Be6 14. Nc2 d5 15. exd5 Bxd5 16. Ne3 Bc4 17. Nxc4 bxc4 18. Qa4 cxd3 19. Qxc6 Rab8 20. b3 Rbc8 21. Qxa6 Rxc3 22. Bd2 Rc2 23. Rc1 Qc5 24. Rxc2 Qxc2 25. Qa5 Re8 26. Kf2 Qb2 27. Re1 h6 28. h3 e4 29. fxe4 Qd4+ 30. Kf3 Nxe4 31. h4 Qf2+ 32. Kg4 Qg3+ 33. Kh5 Qg6# 0-1